Fundamentos de ingeniería bioquímica
Guardat en:
| Autor principal: | |
|---|---|
| Altres autors: | , |
| Format: | Llibre |
| Idioma: | espanyol |
| Publicat: |
Valparaíso
Universitarias
2002
|
| Edició: | 1a. ed |
| Col·lecció: | Archivos de Ingeniería Bioquímica
|
| Matèries: | |
| Etiquetes: |
Afegir etiqueta
Sense etiquetes, Sigues el primer a etiquetar aquest registre!
|
MARC
| LEADER | 00000cam a2200000 a 4500 | ||
|---|---|---|---|
| 001 | UCM1473 | ||
| 003 | CL-VaPUC | ||
| 008 | 020404e20020000CL |||||||||||||||||spa|d | ||
| 020 | |a 9789561703254 | ||
| 082 | 0 | 4 | |a 660.63 |b ACE |2 21 |
| 100 | |a Acevedo Bonzi, Luis Fernando |e autor |9 758705 | ||
| 700 | |a Gentina Morales, Juan Carlos |e autor |9 618487 | ||
| 700 | |a Illanes Frontaura, Andrés Juan |e autor |9 574795 | ||
| 245 | 1 | 0 | |a Fundamentos de ingeniería bioquímica |
| 250 | |a 1a. ed | ||
| 300 | |a 347 p | ||
| 942 | |c BK | ||
| 945 | |d 20020404 00:00:00 |a cmena | ||
| 260 | |a Valparaíso |b Universitarias |c 2002 | ||
| 650 | 0 | |a Ingeniería bioquímica |9 260241 | |
| 650 | 0 | |a Cinética |9 260943 | |
| 650 | 0 | |a Reacciones químicas |9 259438 | |
| 583 | |a last modification |c 20160104 00:45:35 |k Rodrigo Vera | ||
| 490 | 0 | |a Archivos de Ingeniería Bioquímica | |
| 999 | |c 299927 |d 299925 | ||
| 952 | |0 0 |1 0 |4 0 |6 660_630000000000000_ACE_2002 |7 0 |8 A |9 357011 |a BIBING |b BIBING |d 2019-11-21 |i 3804658 |o 660.63 ACE 2002 |p 3804658 |r 2023-03-02 |w 2019-11-21 |y BK |k ING | ||
| 952 | |0 0 |1 0 |4 0 |6 660_630000000000000_ACE_2002 |7 0 |8 A |9 357013 |a BIBING |b BIBING |d 2019-11-21 |i 3804682 |l 8 |m 4 |o 660.63 ACE 2002 |p 3804682 |r 2025-01-20 |s 2023-08-28 |w 2019-11-21 |y BK |k ING | ||
| 952 | |0 0 |1 0 |4 0 |6 660_630000000000000_ACE_2002 |7 0 |8 A |9 357015 |a BIBING |b BIBING |d 2019-11-21 |i 3804704 |l 4 |m 1 |o 660.63 ACE 2002 |p 3804704 |r 2025-01-20 |s 2022-11-16 |w 2019-11-21 |y BK |k ING | ||
| 952 | |0 0 |1 0 |4 0 |6 660_630000000000000_ACE_2002 |7 0 |8 A |9 357018 |a BIBING |b BIBING |d 2019-11-21 |i 3804739 |o 660.63 ACE 2002 |p 3804739 |r 2025-01-20 |w 2019-11-21 |y BK |k ING | ||
| 952 | |0 0 |1 0 |4 0 |6 660_630000000000000_ACE_2002 |7 0 |8 A |9 357025 |a BIBING |b BIBING |d 2019-11-21 |i 3804828 |l 4 |m 1 |o 660.63 ACE 2002 |p 3804828 |r 2025-01-20 |s 2024-11-21 |w 2019-11-21 |y BK |k ING | ||
| 952 | |0 0 |1 0 |4 0 |6 660_630000000000000_ACE_2002 |7 0 |8 A |9 357026 |a BIBING |b BIBING |d 2019-11-21 |i 3804836 |l 2 |m 1 |o 660.63 ACE 2002 |p 3804836 |r 2025-04-30 |s 2025-04-04 |w 2019-11-21 |y BK |k ING | ||
| 952 | |0 0 |1 0 |4 0 |6 660_630000000000000_ACE_2002 |7 0 |8 A |9 357028 |a BIBING |b BIBING |d 2019-11-21 |i 3804852 |o 660.63 ACE 2002 |p 3804852 |r 2025-01-20 |w 2019-11-21 |y BK |k ING | ||
| 952 | |0 0 |1 0 |4 0 |6 660_630000000000000_ACE_2002 |7 0 |8 A |9 357029 |a BIBING |b BIBING |d 2019-11-21 |i 3804860 |l 4 |m 1 |o 660.63 ACE 2002 |p 3804860 |r 2025-01-20 |s 2024-11-21 |w 2019-11-21 |y BK |k ING | ||
| 952 | |0 0 |1 0 |4 0 |6 660_630000000000000_ACE_2002 |7 0 |8 A |9 357030 |a BIBING |b BIBING |d 2019-11-21 |i 3804879 |l 4 |m 1 |o 660.63 ACE 2002 |p 3804879 |r 2025-01-20 |s 2024-11-21 |w 2019-11-21 |y BK |k ING | ||
| 952 | |0 0 |1 0 |4 0 |6 660_630000000000000_ACE_2002 |7 0 |8 A |9 357031 |a BIBING |b BIBING |d 2019-11-21 |i 3804895 |o 660.63 ACE 2002 |p 3804895 |r 2023-03-02 |w 2019-11-21 |y BK |k ING | ||
| 952 | |0 0 |1 0 |4 0 |6 660_630000000000000_ACE_2002 |7 0 |8 CCM |9 357032 |a BIBCUR |b BIBCUR |d 2019-11-21 |i 3960978 |o 660.63 ACE 2002 |p 3960978 |r 2025-04-22 |w 2019-11-21 |y BK |k CIM | ||
| 952 | |0 0 |1 0 |4 0 |6 660_630000000000000_ACE_2002 |7 0 |8 X |9 357034 |a FDOBUD |b FDOBUD |d 2019-11-21 |i 483495K |o 660.63 ACE 2002 |p 483495K |r 2019-11-21 |w 2019-11-21 |y BK_X |k BUD | ||
| 952 | |0 0 |1 0 |4 0 |6 660_630000000000000_ACE_2002 |7 0 |8 A |9 357035 |a BIBING |b BIBING |d 2019-11-21 |i 4917766 |l 5 |m 2 |o 660.63 ACE 2002 |p 4917766 |r 2025-01-20 |s 2023-08-11 |w 2019-11-21 |y BK |k ING | ||
| 952 | |0 0 |1 0 |4 0 |6 660_630000000000000_ACE_2002 |7 0 |8 A |9 357036 |a BIBING |b BIBING |d 2019-11-21 |i 4917774 |l 2 |o 660.63 ACE 2002 |p 4917774 |r 2025-01-20 |s 2024-05-27 |w 2019-11-21 |y BK |k ING | ||
| 952 | |0 0 |1 0 |4 0 |6 660_630000000000000_ACE_2002 |7 0 |8 A |9 357037 |a BIBING |b BIBING |d 2019-11-21 |i 4921127 |o 660.63 ACE 2002 |p 4921127 |r 2023-03-02 |w 2019-11-21 |y BK |k EIB | ||
| 952 | |0 0 |1 0 |4 0 |6 660_630000000000000_ACE_2002 |7 0 |8 A |9 357038 |a BIBING |b BIBING |d 2019-11-21 |i 4921135 |l 6 |m 1 |o 660.63 ACE 2002 |p 4921135 |r 2025-01-20 |s 2023-12-06 |w 2019-11-21 |y BK |k EIB | ||
| 952 | |0 0 |1 0 |4 0 |6 660_630000000000000_ACE_2002 |7 0 |8 A |9 357039 |a BIBING |b BIBING |d 2019-11-21 |i 4921143 |l 3 |o 660.63 ACE 2002 |p 4921143 |r 2025-01-20 |s 2024-05-03 |w 2019-11-21 |y BK |k EIB | ||
| 952 | |0 0 |1 0 |4 0 |6 660_630000000000000_ACE_2002 |7 0 |8 A |9 357040 |a BIBING |b BIBING |d 2019-11-21 |i 4921151 |l 1 |o 660.63 ACE 2002 |p 4921151 |r 2025-01-20 |s 2024-04-19 |w 2019-11-21 |y BK |k EIB | ||
| 952 | |0 0 |1 0 |4 0 |6 660_630000000000000_ACE_2002 |7 0 |8 A |9 357041 |a BIBING |b BIBING |d 2019-11-21 |i 492116K |o 660.63 ACE 2002 |p 492116K |r 2023-03-02 |w 2019-11-21 |y BK |k EIB | ||
| 952 | |0 0 |1 0 |4 0 |6 660_630000000000000_ACE_2002 |7 0 |8 A |9 357042 |a BIBING |b BIBING |d 2019-11-21 |i 4921178 |o 660.63 ACE 2002 |p 4921178 |r 2023-03-02 |w 2019-11-21 |y BK |k EIB | ||
| 952 | |0 0 |1 0 |4 0 |6 660_630000000000000_ACE_2002 |7 0 |8 A |9 357043 |a BIBING |b BIBING |d 2019-11-21 |i 4921186 |o 660.63 ACE 2002 |p 4921186 |r 2023-03-02 |w 2019-11-21 |y BK |k EIB | ||
| 952 | |0 0 |1 0 |4 0 |6 660_630000000000000_ACE_2002 |7 0 |8 A |9 357044 |a BIBING |b BIBING |d 2019-11-21 |i 4921194 |o 660.63 ACE 2002 |p 4921194 |r 2025-01-20 |w 2019-11-21 |y BK |k EIB | ||
| 952 | |0 0 |1 0 |4 0 |6 660_630000000000000_ACE_2002 |7 0 |8 A |9 357045 |a BIBING |b BIBING |d 2019-11-21 |i 4921208 |o 660.63 ACE 2002 |p 4921208 |r 2025-01-20 |w 2019-11-21 |y BK |k EIB | ||
| 952 | |0 0 |1 0 |4 0 |6 660_630000000000000_ACE_2002 |7 0 |8 A |9 357046 |a BIBING |b BIBING |d 2019-11-21 |i 4921216 |l 1 |m 1 |o 660.63 ACE 2002 |p 4921216 |r 2025-01-20 |s 2024-08-05 |w 2019-11-21 |y BK |k EIB | ||
| 952 | |0 0 |1 0 |3 erb |4 0 |6 660_630000000000000_ACE_2002 |7 0 |8 A |9 357047 |a BIBING |b BIBING |i 5031974 |l 3 |m 1 |o 660.63 ACE 2002 |p 5031974 |r 2025-01-20 |s 2023-05-18 |w 2019-11-21 |y BK |z Catalogado en:20131206 |k EIB | ||
| 952 | |0 0 |1 0 |3 erb |4 0 |6 660_630000000000000_ACE_2002 |7 0 |8 A |9 357048 |a BIBING |b BIBING |i 5031982 |o 660.63 ACE 2002 |p 5031982 |r 2023-03-02 |w 2019-11-21 |y BK |z Catalogado en:20131206 |k EIB | ||
| 952 | |0 0 |1 0 |3 erb |4 0 |6 660_630000000000000_ACE_2002 |7 0 |8 A |9 357049 |a BIBING |b BIBING |i 5031990 |o 660.63 ACE 2002 |p 5031990 |r 2023-03-02 |w 2019-11-21 |y BK |z Catalogado en:20131206 |k EIB | ||
| 952 | |0 0 |1 0 |3 erb |4 0 |6 660_630000000000000_ACE_2002 |7 0 |8 A |9 357050 |a BIBING |b BIBING |i 5032008 |o 660.63 ACE 2002 |p 5032008 |r 2025-01-20 |w 2019-11-21 |y BK |z Catalogado en:20131206 |k EIB | ||
| 952 | |0 0 |1 0 |3 erb |4 0 |6 660_630000000000000_ACE_2002 |7 0 |8 A |9 357051 |a BIBING |b BIBING |i 5032016 |l 4 |m 3 |o 660.63 ACE 2002 |p 5032016 |r 2025-01-20 |s 2024-08-29 |w 2019-11-21 |y BK |z Catalogado en:20131206 |k EIB | ||
| 952 | |0 0 |1 0 |3 erb |4 0 |6 660_630000000000000_ACE_2002 |7 0 |8 A |9 357052 |a BIBALI |b BIBALI |c GEN |i 524269K |o 660.63 ACE 2002 |p 524269K |r 2025-01-20 |w 2019-11-21 |y BK |z Catalogado en:20151016 |k ALI | ||
| 952 | |0 0 |1 0 |3 erb |4 0 |6 660_630000000000000_ACE_2002 |7 0 |8 A |9 357053 |a BIBALI |b BIBALI |c GEN |i 5242681 |o 660.63 ACE 2002 |p 5242681 |r 2025-01-20 |w 2019-11-21 |y BK |z Catalogado en:20151016 |k ALI | ||